| 000 | 01461cam a2200301 i 4500 | ||
|---|---|---|---|
| 003 | SA-RiAUC | ||
| 005 | 20250914150541.0 | ||
| 008 | 250910s2005 su g 000r0 ara c | ||
| 020 | _z9660963705 | ||
| 024 | 0 | _a00000000280312 | |
| 040 |
_aSA-YaUC _bara _cSA-RiAUC _dKAC _erda |
||
| 082 | 0 |
_a812 _qSA-RiAUC |
|
| 090 |
_a812 _bب د و |
||
| 100 | 1 |
_aالبدوي، محمد علي محمد _eمؤلف. |
|
| 245 | 1 | 2 |
_aالسقوط : _bمجموع مسرحيات قصيرة / _cبقلم محمد علي البدوي ؛ تقديم أ. د. حسين علي محمد. |
| 250 | _aالطبعة الأولى. | ||
| 264 | 1 |
_aالرياض : _bمجلة البيان، _c2005 |
|
| 300 |
_a71 صفحة ؛ _c21 × 14 سم. |
||
| 336 |
_aنص _btxt _2rdacontent _3كتاب |
||
| 337 |
_aبدون وسيط _bn _2rdamedia |
||
| 338 |
_aمجلد _bnc _2rdacarrier |
||
| 490 | 0 |
_aكتاب البيان ؛ _v61 |
|
| 505 | 0 | _aالمحتويات : الإهداء-قراءة في مسرحيات وإسلاماه-احتلال الكوكب الأحمر-حكاية السيدة نون-مقاتل من الفوجة-حكاية أبي منقاش-السقوط-نار القصاص-البحث عن معتصم-الحضارة السوداء-الإمام. | |
| 650 | 7 |
_aالمسرحيات العربية _zالسعودية _yقرن 15 هجري _2aucsh |
|
| 700 | 1 |
_aمحمد، حسين علي، _d1950-2010 _eمقدم. |
|
| 942 |
_2ddc _cBOOK _n0 |
||
| 949 |
_aSA-JeALM _d250910 _umohamedma123 _n1 |
||
| 999 |
_c11711 _d11711 |
||